<?xml version="1.0" encoding="utf-8"?>
<?xml-stylesheet type='text/xsl' href='./oai2.xsl'?>
<OAI-PMH xmlns="http://www.openarchives.org/OAI/2.0/" xmlns:xsi="http://www.w3.org/2001/XMLSchema-instance" xsi:schemaLocation="http://www.openarchives.org/OAI/2.0/ http://www.openarchives.org/OAI/2.0/OAI-PMH.xsd">
  <responseDate>2026-06-07T10:37:28Z</responseDate>
  <request verb="GetRecord" metadataPrefix="marcxml" identifier="record_kuniweb_2508526">https://kulturerbe.niedersachsen.de/oai</request>
  <GetRecord>
    <record>
      <header>
        <identifier>record_kuniweb_2508526</identifier>
        <datestamp>2026-03-31T19:09:18Z</datestamp>
        <setSpec>slg0175</setSpec>
      </header>
      <metadata>
        <marc:record xmlns:marc="http://www.loc.gov/MARC21/slim" xsi:schemaLocation="http://www.loc.gov/MARC21/slim http://www.loc.gov/standards/marcxml/schema/MARC21slim.xsd">
          <marc:leader>12345nkm  22     uu 4500</marc:leader>
          <marc:controlfield tag="001">2508526</marc:controlfield>
          <marc:controlfield tag="003">http://kuniweb.gbv.de</marc:controlfield>
          <marc:controlfield tag="005">2025-09-18T10:39:12</marc:controlfield>
          <marc:controlfield tag="008">|           ||||||||||||||||||||||</marc:controlfield>
          <marc:datafield tag="245" ind1="1" ind2="0">
            <marc:subfield code="a">Die Engel bei Abraham</marc:subfield>
          </marc:datafield>
          <marc:datafield tag="720" ind1=" " ind2=" ">
            <marc:subfield code="a">Heinrich Merz</marc:subfield>
          </marc:datafield>
          <marc:datafield tag="720" ind1=" " ind2=" ">
            <marc:subfield code="a">F. A. Brockhaus (Leipzig)</marc:subfield>
          </marc:datafield>
          <marc:datafield tag="720" ind1=" " ind2=" ">
            <marc:subfield code="a">E. A. Seemann (Firma : Leipzig)</marc:subfield>
          </marc:datafield>
          <marc:datafield tag="720" ind1=" " ind2=" ">
            <marc:subfield code="a">Bernhard Neher</marc:subfield>
          </marc:datafield>
          <marc:datafield tag="655" ind1=" " ind2="7">
            <marc:subfield code="a">Grafik</marc:subfield>
          </marc:datafield>
          <marc:datafield tag="046" ind1=" " ind2=" ">
            <marc:subfield code="k">1873</marc:subfield>
            <marc:subfield code="k">ca. 1873 - ca. 1874 (Veröffentlichung der Reproduktion in der "Zeitschrift für bildende Kunst" 1874)</marc:subfield>
            <marc:subfield code="l">1874</marc:subfield>
          </marc:datafield>
          <marc:datafield tag="260" ind1=" " ind2=" ">
            <marc:subfield code="g">1873</marc:subfield>
            <marc:subfield code="g">1874</marc:subfield>
            <marc:subfield code="g">ca. 1873 - ca. 1874 (Veröffentlichung der Reproduktion in der "Zeitschrift für bildende Kunst" 1874)</marc:subfield>
          </marc:datafield>
          <marc:datafield tag="300" ind1=" " ind2=" ">
            <marc:subfield code="a">Höhe: 142 mm (Darstellung)
Breite: 218 mm (Darstellung)
Höhe: 173 mm (Druckplatte)
Breite: 240 mm (Druckplatte)</marc:subfield>
          </marc:datafield>
          <marc:datafield tag="520" ind1=" " ind2=" ">
            <marc:subfield code="a">Kupferstich von Heinrich Merz nach dem Gemälde Bernhard von Nehers "Abrahams Fürbitte für die Gerechten in Sodom" (1872, Städelsches Kunstinstitut und Städtische Galerie, Frankfurt/Main).
Reproduktion erschienen als Beilage in der "Zeitschrift für bildende Kunst" neben einer Biographie des Malers und einer Beschreibung des reproduzierten Kunstwerks ("Das Gemälde, von welchem wir unseren Lesern eine Nachbildung von der Hand H. Merz's vorlegen, gehört zu den jüngsten Arbeiten eines Meisters, den wir unter der kleinen, aber erlesenen Schaar der Vertreter des künstlerischen Idealismus als einen der trefflichsten verehren. [...] Die Feinheit in der Abstufung [der] Empfindungen, die lebensvolle Schönheit der Köpfe, die geistige Tiefe des Ausdrucks hat der Stecher trotz aller Sorgfalt nicht zu Erreichen vermocht. Wohl aber giebt er uns im Ganzen nicht blos die schön abgewogene Komposition, sondern auch einen Begriff von der Malerischen Wirkung." [ZfbK 1874, S. 260]) (T. Mahler 05/2024)

Aufdruck:
"B.v.Neher pinx./ Verlag von E.A. Seemann in Leipzig." u. li. "DIE ENGEL BEI ABRAHAM." u. mittig "H. Merz sculps./ Druck von F.A. Brockhaus in Leipzig" u. re. (unterhalb der Darstellung innerhalb der Druckplatte)

Aufschrift:
"9/8" verso u. re. (Angaben zur Auflage ("Zeitschrift für bildende Kunst", Bd. 9, Heft 8, Leipzig 1874))

Veröffentlicht in:
Zeitschrift für bildende Kunst. Mit dem Beiblatt Kunst-Chronik, hrsg. von Carl von Lützow (Bd. 9, 8), Leipzig (1874), S. 259 f.</marc:subfield>
          </marc:datafield>
          <marc:datafield tag="650" ind1="1" ind2=" ">
            <marc:subfield code="a">Grafik, Fotografie &gt; Druckgrafik &gt; Tiefdruck &gt; Kupferstich</marc:subfield>
          </marc:datafield>
          <marc:datafield tag="773" ind1="0" ind2=" ">
            <marc:subfield code="t">Sammlung und Nachlass Hermann Allmers</marc:subfield>
          </marc:datafield>
          <marc:datafield tag="852" ind1=" " ind2=" ">
            <marc:subfield code="a">Archiv des Landkreises Cuxhaven</marc:subfield>
          </marc:datafield>
          <marc:datafield tag="" ind1=" " ind2=" ">
            <marc:subfield code="a">Sammlung und Nachlass Hermann Allmers sind Eigentum der Hermann-Allmers-Gesellschaft e. V. und werden in zwei Teilen an zwei Standorten verwahrt:
Die (museale) Sammlung, bestehend aus Mobiliar und Hausgerät, Tafelgemälden, kleineren und größeren Antiken, Gipsabgüssen, kunsthandwerklichen Objekten aus Keramik und Glas und einer kleinen Bibliothek, befindet sich im Allmers-Haus in Rechtenfleth.
Der literarische, grafische und fotografische "Nachlass Hermann Allmers" hingegen ist im Archiv des Landkreises Cuxhaven in Otterndorf deponiert.</marc:subfield>
          </marc:datafield>
          <marc:datafield tag="" ind1=" " ind2=" ">
            <marc:subfield code="a">Namensnennung - Nicht kommerziell - Keine Bearbeitungen 4.0 International (CC BY-NC-ND 4.0)</marc:subfield>
          </marc:datafield>
        </marc:record>
      </metadata>
    </record>
  </GetRecord>
</OAI-PMH>
